000 00294nam a2200097Ia 4500
082 _aST 604.2 BRIN
245 0 _aEngineering drawing. NQF level 2 Learner's book
100 _a BRINK, Chris Sandton [South Africa], 2005
_963336
942 _cBK
008 210817s9999 xx 000 0 und d
999 _c200667
_d200664